STN EN 61310-3: 2001 (33 2200) [neplatná], Bezpečnosť strojových zariadení. Indikácia, označovanie a ovládanie Časť 3 Požiadavky na umiestnenie a činnosť ovládačov
Táto národná norma je identická s EN 61310-3: 1999 v českom jazyku
| Main Author: | |
|---|---|
| Corporate Author: | |
| Other Authors: | |
| Format: | Book |
| Language: | Czech Slovak English |
| PhysicalDescription: | [16] s. tab. 30 cm |
| Published: |
Bratislava
Slovenský ústav technickej normalizácie
2001
|
| Subjects: |
MARC
| LEADER | 00000nam a2200000 a 4500 | ||
|---|---|---|---|
| 001 | vtls008944847 | ||
| 003 | SK-MaSNL | ||
| 005 | 20260302005114.0 | ||
| 008 | 130117s2001 xo a f u 000 0 cze | ||
| 015 | |a SNBN2014 | ||
| 020 | |c (cen. skup. 11) | ||
| 040 | |a SNK |b slo |c SNK |e AACR2 | ||
| 041 | 1 | |a cze |a slo |h eng | |
| 044 | |a xo |c SK | ||
| 046 | |a m |m 200112 (účin.) |n 201012 (zruš.) | ||
| 072 | 7 | |a 62 |x Technika všeobecne |2 konspekt | |
| 072 | 7 | |a 331 |x Práca |2 konspekt | |
| 080 | |a 62-1/-9 |2 2001 | ||
| 080 | |a (437.6) |2 2001 | ||
| 080 | |a (4) |2 2001 | ||
| 080 | |a (083) |2 2001 | ||
| 080 | |a 006.88 |2 2001 | ||
| 080 | |a 331.45 |2 2001 | ||
| 084 | |a 13.110 |2 ICS | ||
| 084 | |a 29.130.01 |2 ICS | ||
| 130 | 0 | |a STN 33 2200 (STN EN 61310-3) [neplatná] |9 646073 | |
| 245 | 1 | 0 | |a STN EN 61310-3: 2001 (33 2200) [neplatná], Bezpečnosť strojových zariadení. Indikácia, označovanie a ovládanie |n Časť 3 |p Požiadavky na umiestnenie a činnosť ovládačov |
| 246 | 1 | 0 | |a Bezpečnosť strojových zariadení |
| 246 | 1 | 0 | |a Indikácia, označovanie a ovládanie |
| 246 | 1 | 0 | |a Požiadavky na umiestnenie a činnosť ovládačov |
| 246 | 3 | 0 | |a EN 61310-3: 1999 E |
| 260 | |a Bratislava |b Slovenský ústav technickej normalizácie |c 2001 | ||
| 300 | |a [16] s. |b tab. |c 30 cm | ||
| 500 | |a Norma bola nahradená normou STN EN 61310-3 zo septembra 2008 a môže sa s touto normou používať do 1.12.2010 | ||
| 500 | |a Súbežný názov v angličtine, francúzštine, nemčine | ||
| 500 | |a Spracovateľ: MAKARA Podolie, Marian Makara ; SÚTN Bratislava, Rudolf Nemčič | ||
| 504 | |a Citované normy a súvisiace právne predpisy s. II | ||
| 520 | 8 | |a Táto národná norma je identická s EN 61310-3: 1999 v českom jazyku | |
| 540 | |a STN vydané na akomkoľvek nosiči sa môžu rozmnožovať a rozširovať iba so súhlasom určenej právnickej osoby |b SÚTN Bratislava |c zákon 264/1999 Z.z. | ||
| 650 | 0 | 7 | |a strojné zariadenia |2 SNKPH |9 67356 |
| 650 | 0 | 7 | |a technické normy a štandardy |z krajiny Európskej únie |2 SNKPH |9 289341 |
| 650 | 0 | 7 | |a technické normy a štandardy |z Slovensko |2 SNKPH |9 79594 |
| 650 | 0 | 7 | |a Machine equipment |2 SNKPHeng |9 315957 |
| 650 | 0 | 7 | |a bezpečnosť práce |2 SNKPH |9 1296 |
| 650 | 0 | 7 | |a Occupational safety |2 SNKPHeng |9 287472 |
| 655 | 7 | |a normy |2 SNKPH |9 70643 | |
| 700 | 1 | |a Makara, Marian |4 trl |9 318862 | |
| 700 | 1 | |a Nemčič, Rudolf |4 aut |9 314065 | |
| 710 | 2 | |a Slovenský ústav technickej normalizácie |4 stn |9 32706 | |
| 710 | 2 | |a MAKARA (Podolie, Slovensko) |4 aut |9 336710 | |
| 774 | 1 | 8 | |t STN EN 61310-3: 2008 |d Bratislava : Slovenský ústav technickej normalizácie, 2008 |w vtls009833632 |
| 958 | |a OP | ||
| 958 | |a NB | ||
| 999 | |c 998287 |d 1000217 | ||
| 952 | |a SNK |b SNK |y PREZ |7 0 |p 17A0539454 |o snkSTN EN 61310-3 |i snk2007/4025 |8 0 |0 0 |1 0 |4 0 |d 2007-02-12 |l 0 |r 2026-02-24 12:10:14 |w 2026-02-24 | ||
| 952 | |a SNK |b SNK |y PREZ |7 0 |p 17A0539443 |o snkSTN EN 61310-3 D1 |i snk2007/4026 |8 0 |0 0 |1 0 |4 0 |d 2007-02-12 |l 0 |r 2026-02-24 12:10:14 |w 2026-02-24 | ||


